Friends - Saison 2 - Statistiques

Statistiques générales
  • Ce quiz a été pris 3 822 fois
  • Le résultat moyen est 9 sur 15
Statistiques - réponses
Questions Réponses % Correct
Dans quel pays Ross et Julie se retrouvent-il ? Chine
92%
On découvre aussi que Chandler en a un 3ème, mais un 3éme quoi ? téton
88%
Que fait Ross pour choisir entre Rachel et Julie ? une liste
83%
Ou Chandler et Joey oublient-ils Ben ? dans un bus
79%
Quel est le nom du docteur interpréter par Joey dans "les jours de notre vie"? Drake Ramoray
74%
Quel est le titre français de la célèbre chanson de Phoebe ? Tu pues le chat
71%
Duncan, le mari "homosexuel" de Phoebe arrive du canada. Quel est son métier ? Patineur
61%
Phoebe découvre qu'elle a un demi-frère. Quel est son prénom ? Franck
59%
Que ce fait voler Chandler, par l'une des brutes au Central Perk ? sa casquette
57%
Et quelle célèbre actrice joue je rôle de Suzie, la fille à qui Chandler n’arrêtait pas de soulever la jupe enfant ? Julia Roberts
55%
Avec qui se marie Barry, l'ex fiancé de Rachel ? Mindy
52%
Qui est le nouveau colocataire un peu fou de Chandler ? Eddie
51%
Quel célèbre acteur partage la vedette de "Alerte 2" avec Marcel ? Jean-Claude Van Damme
43%
Et que met ce nouveau colocataire dans l'aquarium, à la place du poisson mort ? Un biscuit apéritif
42%
Monica sort avec Richard Burke, un ami de ses parents. Quel acteur interprète Richard ? Tom Selleck
33%
Aucun quiz correspondant
Distribution des résultats
% des personnes avec chaque résultat
Percentile par nombre de réponses
Votre historique - résultats
Vous n’avez pas pris ce quiz